| 000 | 00435nam a2200193Ia 4500 | ||
|---|---|---|---|
| 005 | 20250425162654.0 | ||
| 008 | 250425s9999 xx 000 0 und d | ||
| 020 | _a0471290467 | ||
| 041 | _aeng | ||
| 082 | _a532 | ||
| 245 | 0 | _aFINITE ELEMENTS IN FLUIDS | |
| 250 | _aS.E | ||
| 260 |
_aEstados Unidos _bJOHN WILEY & SONS _c1975 |
||
| 260 | _aNEW YORK | ||
| 300 | _a287 | ||
| 650 | _aFLUIDOS | ||
| 942 | _c01 | ||
| 010 | _a95718 | ||
| 999 |
_c234072 _d234072 |
||